000 00437pab a2200157 454500
008 180718b2009 xxu||||| |||| 00| 0 eng d
100 _aMarrow, Helen B.
245 _aImmigrant bureaucratic incorporation: the dual roles of professional missions and government policies
260 _c2009
300 _ap.756-76.
362 _aOct
650 _aImmigrants
773 _aAmerican Sociological Review
908 _aN
909 _a84527
999 _c84527
_d84527